000 00354nam a2200145Ia 4500
005 20251222144751.0
008 251222s9999||||xx |||||||||||||| ||spa||
020 _a84-7774-062-3
082 _a372.4/S61
100 _aSmith, Frank
245 0 _aPara Darle Sentido a la Lectura
250 _a2a.ed.
264 _bUniversidad de Cambridge
942 _cLIB
999 _c19354
_d19354